000 00318nam a2200157Ia 4500
100 _aHaykin/ Simon
250 _a3
942 _cBK
654 _acommunication systems
245 _aCommunication Systems
260 _bWiley
_c1995
082 _a621.382
_bHAY
300 _a872
546 _aENGLISH
999 _c33621
_d33621